000 00751namaa2200217 i 4500
001 118896
003 ES-MaACL
005 20250901062535.0
007 t|
008 070214s1964 sp r ||||1| spa d
100 1 _aPiault, Bernard.
_991754
245 1 1 _a¿Qué es un sacramento? /
_cBernard Piault ; versión española de Antonio Martí Lloret.
260 _aAndorra :
_bCasal i Vall,
_c1964.
300 _a168 p. ;
_c19 cm.
490 1 _aYo sé, yo creo: enciclopedia del católico del siglo XX ;
_v49
650 0 0 _aSacramentos.
_916963
700 1 _aMartí Lloret, Antonio.
_977222
830 1 0 _aYo sé, yo creo: enciclopedia del católico del siglo XX
_v49
_9186579
852 _aES-MaACL
_jC-26887
999 _c118896
_d118896